000 00648nam a2200241Ia 4500
001 52164
005 20240114005253.0
007 ta
008 100426s1882 a g b000 u 465 u
040 _aCotton College Assam
041 _a465
082 _a822.33
_bSh 15 H
100 _aRolfe, William J .
245 0 _aKing Henry the Sixth /
_cShakespeare.
_hTextual Documents
250 _aist ed /
260 _aLondon :
_bUniversity Tutorial Press ,
_c1882.
300 _a127pg :
_bIllustrated ;
_c22cm .
653 _aEnglish Literature
653 _aT/G-English
942 _2ddc
_cBK
999 _c52128
_d52128